01127nam a2200289Ia 4500001001200000003000800012006001900020007001500039008004100054010001700095020001500112040002100127035002100148050002900169210002100198245009800219260003700317300003200354504004100386533015200427650004100579650001500620655002900635700003000664710001700694856012600711ebr10114010CaPaEBRm u cr cn|||||||||740624s2004 nyua sb 000 0 eng d z 58009935  z0471445282 aCaPaEBRcCaPaEBR a(OCoLC)56002591014aQD453b.A27 v.128 2004eb0 aAdv. chem. phys.00aAdvances in chemical physics.nVolume 128h[electronic resource] /cedited by Stuart A. Rice. aNew York :bWiley [etc.],c2004. aix, 384 p. :bill., diagrs. aIncludes bibliographical references. aElectronic reproduction.bPalo Alto, Calif. :cebrary,d2013.nAvailable via World Wide Web.nAccess may be limited to ebrary affiliated libraries. 0aChemistry, Physical and theoretical. 0aChemistry. 7aElectronic books.2local1 aRice, Stuart Alan,d1932-2 aebrary, Inc.40uhttp://site.ebrary.com/lib/rucke/Doc?id=10114010zAn electronic book accessible through the World Wide Web; click to view